00457 2200169 4500001002100000008004100021035002000062245005700082100002300139260005400162300000800216020001900224084001400243082000800257650001000265990001200275INLIS000000000003336 ind  a0010-0226000002 aHunter X Hunter Vol. 25 ( Komik )cYoshihiro Togashi aTogashi, Yoshihiro aJakartabPT. Elex Media Komputindo Gramediac2015 a201 a978-602-1789-5 a741 TOG h a741 aKomik a0754511